[Event "18th Charleroi Open-A 2019"]
[Site "Charleroi"]
[Date "2019.07.28"]
[Round "2.31"]
[White "Uhoda, Philippe"]
[Black "Watelet, Sylvain"]
[Result "1-0"]
[WhiteElo "2062"]
[BlackElo "1961"]
[Annotator "NA RC"]
[PlyCount "75"]
[EventDate "2019.07.22"]
[EventType "swiss"]
[EventCountry "BEL"]
[SourceTitle "playchess.com"]
[Source "ChessBase"]
[SourceQuality "1"]
[TimeControl "40/5400+30:1800+30"]

1. d4 {[%emt 0:00:00]} d6 {[%emt 0:05:23]} 2. e4 {[%emt 0:01:12]} Nf6 {[%emt 0:01:44]} 3. Nc3 {[%emt 0:00:10]} Nbd7 {[%emt 0:00:19]} 4. g4 {[%emt 0:04:05]} h6 {[%emt 0:00:49]} 5. h3 {[%emt 0:00:20]} e5 {[%emt 0:00:37]} 6. Bg2 {[%emt 0:00:19]} c6 {[%emt 0:03:31]} 7. Nge2 {[%emt 0:02:29]} g6 {[%emt 0:06:27]} 8. Be3 {[%emt 0:02:49]} b5 {[%emt 0:04:30]} 9. a3 {[%emt 0:00:40]} Qa5 {[%emt 0:01:52]} 10. O-O {[%emt 0:06:04]} Be7 {[%emt 0:03:37]} 11. Qd2 {[%emt 0:00:59]} h5 {[%emt 0:00:55]} 12. g5 {[%emt 1:16:53]} Nh7 {[%emt 0:01:22]} 13. h4 {[%emt 0:00:00]} O-O {[%emt 0:03:10]} 14. Nd5 {[%emt 0:00:00]} Bd8 {[%emt 0:01:41]} 15. Qxa5 {[%emt 0:00:00]} Bxa5 {[%emt 0:00:13]} 16. Ne7+ {[%emt 0:00:00]} Kg7 {[%emt 0:00:46]} 17. Bh3 {[%emt 0:00:00]} Nb6 {[%emt 0:03:48]} 18. Bxc8 {[%emt 0:00:00]} Nxc8 {[%emt 0:00:22]} 19. Nxc6 {[%emt 0:00:00]} Bb6 {[%emt 0:02:14]} 20. dxe5 {[%emt 0:00:00]} dxe5 {[%emt 0:05:15]} 21. Bxb6 {[%emt 0:00:00]} Nxb6 {[%emt 0:00:11]} 22. Nxe5 {[%emt 0:00:00]} Rfe8 {[%emt 0:00:43]} 23. f4 {[%emt 0:00:00]} Nc4 {[%emt 0:00:31]} 24. Nxc4 {[%emt 0:00:00]} Rxe4 {[%emt 0:00:06]} 25. Nd6 {[%emt 0:00:00]} Rxe2 {[%emt 0:00:36]} 26. f5 {[%emt 0:00:00]} Rd8 {[%emt 0:02:41]} 27. Rad1 {[%emt 0:00:00]} Kg8 {[%emt 0:00:39]} 28. fxg6 {[%emt 0:00:00]} fxg6 {[%emt 0:00:12]} 29. Nxb5 {[%emt 0:00:00]} Rxd1 {[%emt 0:00:39]} 30. Rxd1 {[%emt 0:00:00]} Rxc2 {[%emt 0:00:47]} 31. Rd8+ {[%emt 0:00:00]} Kg7 {[%emt 0:01:48]} 32. Rd7+ {[%emt 0:00:00]} Kg8 {[%emt 0:00:06]} 33. b4 {[%emt 0:00:44]} a6 {[%emt 0:01:06]} 34. Nc7 {[%emt 0:01:14]} Rc6 {[%emt 0:06:09]} 35. Nd5 {[%emt 0:01:26]} Re6 {[%emt 0:02:00]} 36. Ra7 {[%emt 0:01:50]} Rd6 {[%emt 0:02:30]} 37. Nc7 {[%emt 0:02:02]} Rd7 {[%emt 0:00:46]} 38. Ra8+ {[%emt 0:00:07]} 1-0

[Event "18th Charleroi Open-A 2019"]
[Site "Charleroi"]
[Date "2019.07.28"]
[Round "2.32"]
[White "Van Haelst, Raymond"]
[Black "Vanden Bussche, Steven"]
[Result "1-0"]
[WhiteElo "1947"]
[BlackElo "2061"]
[Annotator "NA"]
[PlyCount "56"]
[EventDate "2019.07.22"]
[EventType "swiss"]
[EventCountry "BEL"]
[SourceTitle "playchess.com"]
[Source "ChessBase"]
[SourceQuality "1"]
[TimeControl "40/5400+30:1800+30"]

1. d4 {[%emt 0:00:00]} d5 {[%emt 0:00:00]} 2. Nf3 {[%emt 0:00:02]} Nf6 {[%emt 0:00:00]} 3. c4 {[%emt 0:00:20]} c6 {[%emt 0:00:00]} 4. cxd5 {[%emt 0:00:50]} cxd5 {[%emt 0:00:07]} 5. Nc3 {[%emt 0:00:10]} Nc6 {[%emt 0:00:11]} 6. Bf4 {[%emt 0:00:21]} e6 {[%emt 0:01:19]} 7. Ne5 {[%emt 0:01:13]} Qb6 {[%emt 0:07:42]} 8. Nxc6 {[%emt 0:07:32]} bxc6 {[%emt 0:02:58]} 9. Rb1 {[%emt 0:15:33]} Ba6 {[%emt 0:03:10]} 10. a3 {[%emt 0:04:10]} Be7 {[%emt 0:06:16]} 11. Na4 {[%emt 0:03:06]} Qb7 {[%emt 0:03:48]} 12. Qc2 {[%emt 0:01:56]} Nd7 {[%emt 0:01:48]} 13. f3 {[%emt 0:07:56]} O-O {[%emt 0:03:23]} 14. b4 {[%emt 0:00:46]} f6 {[%emt 0:06:03]} 15. e3 {[%emt 0:04:45]} Bxf1 {[%emt 0:00:20]} 16. Rxf1 {[%emt 0:00:07]} e5 {[%emt 0:03:07]} 17. Bg3 {[%emt 0:00:17]} Qa6 {[%emt 0:06:30]} 18. Kf2 {[%emt 0:02:36]} Rac8 {[%emt 0:02:54]} 19. Qb3 {[%emt 0:03:24]} exd4 {[%emt 0:02:30]} 20. exd4 {[%emt 0:00:09]} f5 {[%emt 0:01:39]} 21. Kg1 {[%emt 0:03:56]} Bf6 {[%emt 0:00:27]} 22. Rbd1 {[%emt 0:05:03]} Nb6 {[%emt 0:03:11]} 23. Nb2 {[%emt 0:06:36]} Rfe8 {[%emt 0:01:05]} 24. a4 {[%emt 0:04:16]} Kh8 {[%emt 0:10:20]} 25. Qd3 {[%emt 0:04:02]} Qxd3 {[%emt 0:00:50]} 26. Rxd3 {[%emt 0:00:28]} Re2 {[%emt 0:01:10]} 27. Rf2 {[%emt 0:00:14]} Rce8 {[%emt 0:00:33]} 28. Kf1 {[%emt 0:00:43]} R2e6 {[%emt 0:32:39]} 1-0

[Event "18th Charleroi Open-A 2019"]
[Site "Charleroi"]
[Date "2019.07.28"]
[Round "2.33"]
[White "Oupindrin, Narayanin"]
[Black "Moerman, Thomas"]
[Result "0-1"]
[WhiteElo "2056"]
[BlackElo "1931"]
[Annotator "NA"]
[PlyCount "80"]
[EventDate "2019.07.22"]
[EventType "swiss"]
[EventCountry "BEL"]
[SourceTitle "playchess.com"]
[Source "ChessBase"]
[SourceQuality "1"]
[TimeControl "40/5400+30:1800+30"]

1. e4 {[%emt 0:00:00]} c5 {[%emt 0:00:00]} 2. Nf3 {[%emt 0:00:00]} e6 {[%emt 0:00:00]} 3. d4 {[%emt 0:00:00]} cxd4 {[%emt 0:00:00]} 4. Nxd4 {[%emt 0:00:14]} Nc6 {[%emt 0:00:18]} 5. Nc3 {[%emt 0:00:48]} Qc7 {[%emt 0:00:20]} 6. Be3 {[%emt 0:01:10]} a6 {[%emt 0:00:23]} 7. Be2 {[%emt 0:02:10]} Nf6 {[%emt 0:01:28]} 8. O-O {[%emt 0:01:00]} Bb4 {[%emt 0:00:37]} 9. Na4 {[%emt 0:04:38]} Be7 {[%emt 0:00:35]} 10. Nxc6 {[%emt 0:02:38]} bxc6 {[%emt 0:00:05]} 11. f3 {[%emt 0:15:36]} Rb8 {[%emt 0:01:33]} 12. c4 {[%emt 0:05:23]} d5 {[%emt 0:05:33]} 13. cxd5 {[%emt 0:03:07]} exd5 {[%emt 0:00:13]} 14. exd5 {[%emt 0:05:48]} Nxd5 {[%emt 0:00:49]} 15. Bf2 {[%emt 0:07:54]} Bd6 {[%emt 0:01:35]} 16. g3 {[%emt 0:02:02]} O-O {[%emt 0:03:20]} 17. Bc4 {[%emt 0:02:26]} h5 {[%emt 0:07:51]} 18. Bxd5 {[%emt 0:05:20]} cxd5 {[%emt 0:01:01]} 19. Rc1 {[%emt 0:00:48]} Qa5 {[%emt 0:08:49]} 20. a3 {[%emt 0:10:08]} h4 {[%emt 0:06:01]} 21. b4 {[%emt 0:01:23]} Qb5 {[%emt 0:07:27]} 22. Nc3 {[%emt 0:02:22]} Qd7 {[%emt 0:02:01]} 23. Nxd5 {[%emt 0:03:20]} Bb7 {[%emt 0:04:32]} 24. Nf4 {[%emt 0:11:53]} Rfd8 {[%emt 0:08:36]} 25. Be3 {[%emt 0:01:24]} Qe7 {[%emt 0:04:19]} 26. Qb3 {[%emt 0:02:19]} hxg3 {[%emt 0:12:19]} 27. hxg3 {[%emt 0:00:21]} Re8 {[%emt 0:00:53]} 28. Bd2 {[%emt 0:03:16]} Qg5 {[%emt 0:04:23]} 29. Kf2 {[%emt 0:00:48]} Rbd8 {[%emt 0:01:16]} 30. Be3 {[%emt 0:00:55]} Qf5 {[%emt 0:01:38]} 31. Qc2 {[%emt 0:01:39]} Qf6 {[%emt 0:03:57]} 32. Rh1 {[%emt 0:01:29]} g6 {[%emt 0:00:12]} 33. Rce1 {[%emt 0:00:29]} Rc8 {[%emt 0:01:12]} 34. Qd3 {[%emt 0:00:43]} Be5 {[%emt 0:03:11]} 35. Rc1 {[%emt 0:01:12]} Rcd8 {[%emt 0:00:43]} 36. Qc2 {[%emt 0:00:17]} Bd4 {[%emt 0:03:44]} 37. Rce1 {[%emt 0:00:10]} Bc3 {[%emt 0:02:29]} 38. Re2 {[%emt 0:01:30]} Qc6 {[%emt 0:01:01]} 39. Ng2 {[%emt 0:02:00]} Qxf3+ {[%emt 0:00:21]} 40. Kg1 {[%emt 0:00:06]} Rxe3 {[%emt 0:02:39]} 0-1

[Event "18th Charleroi Open-A 2019"]
[Site "Charleroi"]
[Date "2019.07.28"]
[Round "2.34"]
[White "Fischer, Julie"]
[Black "Dierckens, Sarah"]
[Result "1-0"]
[WhiteElo "2050"]
[BlackElo "1770"]
[Annotator "NA"]
[PlyCount "101"]
[EventDate "2019.07.22"]
[EventType "swiss"]
[EventCountry "BEL"]
[SourceTitle "playchess.com"]
[Source "ChessBase"]
[SourceQuality "1"]
[TimeControl "40/5400+30:1800+30"]

1. e4 {[%emt 0:01:38]} e6 {[%emt 0:06:33]} 2. d4 {[%emt 0:02:15]} d5 {[%emt 0:00:05]} 3. Nc3 {[%emt 0:00:04]} Nf6 {[%emt 0:00:06]} 4. Bg5 {[%emt 0:00:04]} Be7 {[%emt 0:00:06]} 5. e5 {[%emt 0:00:03]} Nfd7 {[%emt 0:00:05]} 6. h4 {[%emt 0:00:04]} a6 {[%emt 0:00:22]} 7. Qg4 {[%emt 0:00:36]} Bxg5 {[%emt 0:00:06]} 8. hxg5 {[%emt 0:00:05]} c5 {[%emt 0:00:34]} 9. g6 {[%emt 0:06:32]} f5 {[%emt 0:00:35]} 10. exf6 {[%emt 0:06:49]} Nxf6 {[%emt 0:01:58]} 11. Rxh7 {[%emt 0:04:49]} Nxh7 {[%emt 0:08:49]} 12. gxh7 {[%emt 0:00:05]} Qf6 {[%emt 0:00:08]} 13. Nxd5 {[%emt 0:00:50]} exd5 {[%emt 0:05:21]} 14. Qxc8+ {[%emt 0:00:08]} Qd8 {[%emt 0:00:06]} 15. Qxb7 {[%emt 0:05:43]} Qe7+ {[%emt 0:02:51]} 16. Qxe7+ {[%emt 0:01:02]} Kxe7 {[%emt 0:00:06]} 17. dxc5 {[%emt 0:01:08]} Rxh7 {[%emt 0:00:09]} 18. O-O-O {[%emt 0:00:19]} Nd7 {[%emt 0:02:43]} 19. Nh3 {[%emt 0:03:31]} Nf6 {[%emt 0:05:15]} 20. Be2 {[%emt 0:08:17]} a5 {[%emt 0:02:36]} 21. Nf4 {[%emt 0:02:52]} Rd8 {[%emt 0:04:56]} 22. Bf3 {[%emt 0:00:07]} d4 {[%emt 0:00:27]} 23. Ne2 {[%emt 0:05:53]} Nd7 {[%emt 0:04:22]} 24. Nxd4 {[%emt 0:00:16]} Rc8 {[%emt 0:00:05]} 25. Re1+ {[%emt 0:02:03]} Kf6 {[%emt 0:02:29]} 26. Re6+ {[%emt 0:03:52]} Kg5 {[%emt 0:04:25]} 27. c6 {[%emt 0:02:20]} Rh1+ {[%emt 0:01:25]} 28. Kd2 {[%emt 0:00:07]} Nb6 {[%emt 0:00:04]} 29. Kd3 {[%emt 0:01:05]} Na4 {[%emt 0:01:17]} 30. Re5+ {[%emt 0:00:30]} Kf6 {[%emt 0:00:08]} 31. Rf5+ {[%emt 0:02:07]} Kg6 {[%emt 0:01:31]} 32. b3 {[%emt 0:03:41]} Nb2+ {[%emt 0:02:08]} 33. Kc3 {[%emt 0:02:39]} Nd1+ {[%emt 0:02:17]} 34. Bxd1 {[%emt 0:00:10]} Rxd1 {[%emt 0:00:05]} 35. Rxa5 {[%emt 0:00:08]} Rf1 {[%emt 0:01:03]} 36. f3 {[%emt 0:00:05]} Rf2 {[%emt 0:00:30]} 37. g4 {[%emt 0:00:04]} Kf6 {[%emt 0:01:32]} 38. b4 {[%emt 0:00:41]} Rf1 {[%emt 0:00:42]} 39. Rf5+ {[%emt 0:00:25]} Ke7 {[%emt 0:00:27]} 40. b5 {[%emt 0:00:07]} Ra1 {[%emt 0:00:37]} 41. b6 {[%emt 0:30:29]} Rb1 {[%emt 0:32:02]} 42. Re5+ {[%emt 0:04:47]} Kd6 {[%emt 0:02:34]} 43. Re6+ {[%emt 0:02:55]} Kd5 {[%emt 0:00:07]} 44. c7 {[%emt 0:01:02]} Rd1 {[%emt 0:00:57]} 45. Re4 {[%emt 0:00:10]} Rb1 {[%emt 0:00:47]} 46. Nb3 {[%emt 0:00:24]} Kc6 {[%emt 0:00:15]} 47. Rb4 {[%emt 0:00:12]} Rf1 {[%emt 0:00:46]} 48. Nd4+ {[%emt 0:00:09]} Kb7 {[%emt 0:01:16]} 49. a4 {[%emt 0:00:04]} Re1 {[%emt 0:01:57]} 50. a5 {[%emt 0:06:01]} Ra1 {[%emt 0:02:19]} 51. Nf5 {[%emt 0:01:49]} 1-0

[Event "18th Charleroi Open-A 2019"]
[Site "Charleroi"]
[Date "2019.07.29"]
[Round "3.1"]
[White "Maerevoet, Sim"]
[Black "Gurevich, Mikhail"]
[Result "1/2-1/2"]
[WhiteElo "2321"]
[BlackElo "2587"]
[Annotator "ChessBase"]
[PlyCount "65"]
[EventDate "2019.07.22"]
[EventType "swiss"]
[EventCountry "BEL"]
[SourceTitle "playchess.com"]
[Source "ChessBase"]
[SourceQuality "1"]
[TimeControl "40/5400+30:1800+30"]

1. d4 {[%emt 0:00:00]} d6 {[%emt 0:00:00]} 2. Nf3 {[%emt 0:00:03]} g6 {[%emt 0:00:00]} 3. g3 {[%emt 0:00:12]} Bg7 {[%emt 0:00:00]} 4. Bg2 {[%emt 0:00:04]} f5 {[%emt 0:00:01]} 5. O-O {[%emt 0:00:24]} Nf6 {[%emt 0:00:07]} 6. Nbd2 {[%emt 0:00:12]} O-O {[%emt 0:00:35]} 7. Re1 {[%emt 0:00:19]} Nc6 {[%emt 0:04:25]} 8. e4 {[%emt 0:00:41]} e5 {[%emt 0:00:23]} 9. exf5 {[%emt 0:00:42]} Bxf5 {[%emt 0:00:08]} 10. dxe5 {[%emt 0:00:05]} dxe5 {[%emt 0:00:03]} 11. c3 {[%emt 0:00:11]} Kh8 {[%emt 0:05:06]} 12. Qb3 {[%emt 0:07:30]} e4 {[%emt 0:10:28]} 13. Ng5 {[%emt 0:03:50]} e3 {[%emt 0:01:21]} 14. Rxe3 {[%emt 0:14:34]} Ng4 {[%emt 0:01:33]} 15. Nf7+ {[%emt 0:05:30]} Rxf7 {[%emt 0:01:27]} 16. Qxf7 {[%emt 0:00:09]} Nxe3 {[%emt 0:02:45]} 17. fxe3 {[%emt 0:00:09]} Ne5 {[%emt 0:00:41]} 18. Qd5 {[%emt 0:11:18]} Qxd5 {[%emt 0:09:54]} 19. Bxd5 {[%emt 0:00:15]} Rd8 {[%emt 0:00:03]} 20. e4 {[%emt 0:14:35]} Bh3 {[%emt 0:15:23]} 21. Nf1 {[%emt 0:06:22]} c6 {[%emt 0:00:11]} 22. Bb3 {[%emt 0:00:06]} Nd3 {[%emt 0:04:33]} 23. Bc4 {[%emt 0:06:28]} b5 {[%emt 0:00:28]} 24. Bg5 {[%emt 0:02:07]} Rd7 {[%emt 0:00:32]} 25. Bxd3 {[%emt 0:00:21]} Rxd3 {[%emt 0:00:05]} 26. Kf2 {[%emt 0:05:04]} Kg8 {[%emt 0:06:15]} 27. Be3 {[%emt 0:06:42]} a6 {[%emt 0:00:48]} 28. Nd2 {[%emt 0:02:40]} Rd8 {[%emt 0:04:56]} 29. Nb3 {[%emt 0:01:55]} Rf8+ {[%emt 0:05:15]} 30. Ke2 {[%emt 0:00:36]} Bg2 {[%emt 0:00:09]} 31. Nc5 {[%emt 0:00:57]} Re8 {[%emt 0:00:05]} 32. Rd1 {[%emt 0:02:05]} Bf8 {[%emt 0:04:05]} 33. Kf2 {[%emt 0:02:12]} 1/2-1/2

[Event "18th Charleroi Open-A 2019"]
[Site "Charleroi"]
[Date "2019.07.29"]
[Round "3.2"]
[White "Klinova, Masha"]
[Black "Mirzoev, Azer"]
[Result "0-1"]
[WhiteElo "2269"]
[BlackElo "2474"]
[Annotator "ChessBase"]
[PlyCount "100"]
[EventDate "2019.07.22"]
[EventType "swiss"]
[EventCountry "BEL"]
[SourceTitle "playchess.com"]
[Source "ChessBase"]
[SourceQuality "1"]
[TimeControl "40/5400+30:1800+30"]

1. e4 {[%emt 0:00:00]} c5 {[%emt 0:00:30]} 2. Nf3 {[%emt 0:00:00]} d6 {[%emt 0:00:05]} 3. Bb5+ {[%emt 0:00:00]} Nd7 {[%emt 0:00:42]} 4. O-O {[%emt 0:00:00]} a6 {[%emt 0:00:21]} 5. Bxd7+ {[%emt 0:00:00]} Bxd7 {[%emt 0:00:05]} 6. d4 {[%emt 0:00:04]} cxd4 {[%emt 0:00:14]} 7. Qxd4 {[%emt 0:00:06]} Rc8 {[%emt 0:01:07]} 8. a4 {[%emt 0:01:10]} e5 {[%emt 0:02:06]} 9. Qd3 {[%emt 0:00:44]} Qc7 {[%emt 0:01:07]} 10. Nc3 {[%emt 1:32:56]} Be6 {[%emt 0:00:34]} 11. Rd1 {[%emt 0:00:00]} h6 {[%emt 0:00:38]} 12. Be3 {[%emt 0:00:00]} Nf6 {[%emt 0:01:07]} 13. Nd2 {[%emt 0:00:00]} Be7 {[%emt 0:01:51]} 14. Nf1 {[%emt 0:00:00]} O-O {[%emt 0:00:32]} 15. a5 {[%emt 0:00:00]} Qc6 {[%emt 0:08:25]} 16. f3 {[%emt 0:00:00]} Rfd8 {[%emt 0:08:06]} 17. Bb6 {[%emt 0:00:00]} Rd7 {[%emt 0:00:07]} 18. Ne3 {[%emt 0:00:00]} Re8 {[%emt 0:07:47]} 19. Rd2 {[%emt 0:00:00]} Bd8 {[%emt 0:05:16]} 20. Bxd8 {[%emt 0:00:00]} Rdxd8 {[%emt 0:00:08]} 21. Ncd5 {[%emt 0:00:00]} Nd7 {[%emt 0:05:06]} 22. b4 {[%emt 0:00:00]} Nf8 {[%emt 0:02:13]} 23. Ra3 {[%emt 0:00:00]} Qc8 {[%emt 0:02:22]} 24. Nb6 {[%emt 0:00:00]} Qb8 {[%emt 0:00:52]} 25. c4 {[%emt 0:00:00]} Ng6 {[%emt 0:00:45]} 26. Nf5 {[%emt 0:00:00]} Nf4 {[%emt 0:08:53]} 27. Qe3 {[%emt 0:00:00]} Qc7 {[%emt 0:05:18]} 28. g3 {[%emt 0:00:00]} Nh5 {[%emt 0:00:54]} 29. Nh4 {[%emt 0:00:00]} Nf6 {[%emt 0:05:22]} 30. Rc3 {[%emt 0:00:00]} Qc6 {[%emt 0:07:01]} 31. Ng2 {[%emt 0:00:00]} Nd7 {[%emt 0:02:52]} 32. g4 {[%emt 0:06:06]} Nxb6 {[%emt 0:11:11]} 33. Qxb6 {[%emt 0:00:29]} Qa4 {[%emt 0:00:06]} 34. Kf2 {[%emt 0:00:28]} Rc8 {[%emt 0:02:35]} 35. Ne3 {[%emt 0:01:34]} Qa1 {[%emt 0:00:29]} 36. Rcc2 {[%emt 0:01:15]} Qh1 {[%emt 0:03:21]} 37. Kg3 {[%emt 0:01:04]} Qg1+ {[%emt 0:01:58]} 38. Ng2 {[%emt 0:02:06]} Qxb6 {[%emt 0:00:13]} 39. axb6 {[%emt 0:00:03]} Rc6 {[%emt 0:00:21]} 40. c5 {[%emt 0:01:06]} dxc5 {[%emt 0:00:24]} 41. bxc5 {[%emt 0:30:29]} Rec8 {[%emt 0:30:07]} 42. Ne3 {[%emt 0:00:08]} Kf8 {[%emt 0:00:18]} 43. h4 {[%emt 0:00:00]} Rxc5 {[%emt 0:00:00]} 44. Rxc5 {[%emt 0:00:00]} Rxc5 {[%emt 0:00:00]} 45. Rd8+ {[%emt 0:00:00]} Ke7 {[%emt 0:00:00]} 46. Rb8 {[%emt 0:00:00]} Bc8 {[%emt 0:00:00]} 47. Nd5+ {[%emt 0:00:00]} Kd6 {[%emt 0:00:00]} 48. Nc7 {[%emt 0:00:00]} Rxc7 {[%emt 0:00:00]} 49. bxc7 {[%emt 0:00:00]} Kxc7 {[%emt 0:00:00]} 50. Ra8 {[%emt 0:00:00]} b5 {[%emt 0:00:00]} 0-1

[Event "18th Charleroi Open-A 2019"]
[Site "Charleroi"]
[Date "2019.07.29"]
[Round "3.3"]
[White "Gutenev, Alexander"]
[Black "Capone, Nicola"]
[Result "1-0"]
[WhiteElo "2470"]
[BlackElo "2297"]
[Annotator "ChessBase"]
[PlyCount "61"]
[EventDate "2019.07.22"]
[EventType "swiss"]
[EventCountry "BEL"]
[SourceTitle "playchess.com"]
[Source "ChessBase"]
[SourceQuality "1"]
[TimeControl "40/5400+30:1800+30"]

1. e4 {[%emt 0:00:13]} e6 {[%emt 0:00:00]} 2. d4 {[%emt 0:00:06]} d5 {[%emt 0:00:00]} 3. Nc3 {[%emt 0:00:06]} Bb4 {[%emt 0:00:00]} 4. e5 {[%emt 0:00:06]} Ne7 {[%emt 0:00:00]} 5. a3 {[%emt 0:00:11]} Bxc3+ {[%emt 0:00:00]} 6. bxc3 {[%emt 0:00:06]} c5 {[%emt 0:00:05]} 7. Qg4 {[%emt 0:00:05]} Qc7 {[%emt 0:00:06]} 8. Bd3 {[%emt 0:01:02]} cxd4 {[%emt 0:00:08]} 9. Ne2 {[%emt 0:00:10]} dxc3 {[%emt 0:00:03]} 10. Qxg7 {[%emt 0:00:18]} Rg8 {[%emt 0:00:05]} 11. Qxh7 {[%emt 0:00:14]} Qxe5 {[%emt 0:00:10]} 12. h4 {[%emt 0:01:29]} Nd7 {[%emt 0:00:06]} 13. Bf4 {[%emt 0:00:06]} Qf6 {[%emt 0:00:04]} 14. Bg5 {[%emt 0:00:06]} Qg7 {[%emt 0:00:03]} 15. Qxg7 {[%emt 0:00:12]} Rxg7 {[%emt 0:00:05]} 16. Nxc3 {[%emt 0:00:09]} a6 {[%emt 0:00:03]} 17. O-O-O {[%emt 0:04:37]} f6 {[%emt 0:00:27]} 18. Bf4 {[%emt 0:00:35]} e5 {[%emt 0:00:30]} 19. Bh6 {[%emt 0:03:33]} Rg8 {[%emt 0:10:48]} 20. h5 {[%emt 0:06:46]} Nb6 {[%emt 0:34:32]} 21. Be3 {[%emt 0:14:26]} d4 {[%emt 0:00:58]} 22. Ne4 {[%emt 0:00:06]} Kf7 {[%emt 0:06:55]} 23. Bd2 {[%emt 0:03:40]} Bf5 {[%emt 0:07:49]} 24. h6 {[%emt 0:09:04]} Ke6 {[%emt 0:11:34]} 25. h7 {[%emt 0:05:28]} Rh8 {[%emt 0:01:48]} 26. Rh6 {[%emt 0:00:09]} Bxe4 {[%emt 0:01:36]} 27. Bxe4 {[%emt 0:00:15]} Nbd5 {[%emt 0:06:02]} 28. g4 {[%emt 0:04:17]} Kf7 {[%emt 0:00:02]} 29. Re1 {[%emt 0:07:07]} Rad8 {[%emt 0:06:28]} 30. Bd3 {[%emt 0:11:52]} Rd6 {[%emt 0:11:45]} 31. Rxe5 {[%emt 0:02:59]} 1-0

[Event "18th Charleroi Open-A 2019"]
[Site "Charleroi"]
[Date "2019.07.29"]
[Round "3.4"]
[White "Faybish, Nimrod"]
[Black "Lugovskoy, Maxim"]
[Result "0-1"]
[WhiteElo "2220"]
[BlackElo "2425"]
[Annotator "ChessBase"]
[PlyCount "94"]
[EventDate "2019.07.22"]
[EventType "swiss"]
[EventCountry "BEL"]
[SourceTitle "playchess.com"]
[Source "ChessBase"]
[SourceQuality "1"]
[TimeControl "40/5400+30:1800+30"]

1. d4 {[%emt 0:00:00]} d5 {[%emt 0:00:22]} 2. c4 {[%emt 0:00:00]} e6 {[%emt 0:00:04]} 3. Nc3 {[%emt 0:00:00]} a6 {[%emt 0:02:36]} 4. cxd5 {[%emt 0:00:09]} exd5 {[%emt 0:00:05]} 5. Nf3 {[%emt 0:00:18]} c6 {[%emt 0:00:04]} 6. Qc2 {[%emt 0:00:35]} Be7 {[%emt 0:02:41]} 7. Bf4 {[%emt 0:00:50]} Nd7 {[%emt 0:02:26]} 8. e3 {[%emt 0:01:05]} Ngf6 {[%emt 0:01:20]} 9. h3 {[%emt 0:16:01]} O-O {[%emt 0:00:29]} 10. Bd3 {[%emt 0:00:05]} Re8 {[%emt 0:00:02]} 11. O-O {[%emt 0:05:31]} Nf8 {[%emt 0:00:13]} 12. Rab1 {[%emt 0:09:05]} a5 {[%emt 0:06:17]} 13. a3 {[%emt 0:01:06]} Bd6 {[%emt 0:00:39]} 14. Bxd6 {[%emt 0:01:05]} Qxd6 {[%emt 0:00:04]} 15. b4 {[%emt 0:01:48]} axb4 {[%emt 0:00:03]} 16. axb4 {[%emt 0:00:04]} b5 {[%emt 0:00:02]} 17. Ne5 {[%emt 0:02:03]} N6d7 {[%emt 0:00:29]} 18. Nxd7 {[%emt 0:04:40]} Bxd7 {[%emt 0:00:08]} 19. Ne2 {[%emt 0:00:16]} g6 {[%emt 0:01:50]} 20. Nf4 {[%emt 0:05:49]} Ra3 {[%emt 0:02:16]} 21. Rb3 {[%emt 0:02:06]} Rea8 {[%emt 0:00:08]} 22. Rfb1 {[%emt 0:01:30]} Ra2 {[%emt 0:01:35]} 23. R3b2 {[%emt 0:00:20]} R2a3 {[%emt 0:03:00]} 24. Rb3 {[%emt 0:00:24]} R3a6 {[%emt 0:00:04]} 25. Qc5 {[%emt 0:04:24]} Qf6 {[%emt 0:01:16]} 26. Qc3 {[%emt 0:04:22]} Bc8 {[%emt 0:02:13]} 27. Ne2 {[%emt 0:11:39]} Ne6 {[%emt 0:03:06]} 28. Ng3 {[%emt 0:00:28]} h5 {[%emt 0:06:34]} 29. f4 {[%emt 0:04:00]} Ng7 {[%emt 0:00:46]} 30. Re1 {[%emt 0:07:32]} h4 {[%emt 0:00:13]} 31. Nf1 {[%emt 0:00:14]} Ra2 {[%emt 0:02:11]} 32. Bb1 {[%emt 0:01:04]} R2a6 {[%emt 0:01:32]} 33. Nh2 {[%emt 0:00:05]} Nh5 {[%emt 0:02:01]} 34. Ng4 {[%emt 0:06:45]} Bxg4 {[%emt 0:00:13]} 35. hxg4 {[%emt 0:00:03]} Ng3 {[%emt 0:00:07]} 36. g5 {[%emt 0:00:22]} Qe6 {[%emt 0:00:34]} 37. Bc2 {[%emt 0:04:19]} Ra2 {[%emt 0:01:06]} 38. Kh2 {[%emt 0:02:52]} Qg4 {[%emt 0:00:41]} 39. Rb2 {[%emt 0:03:14]} R8a3 {[%emt 0:00:31]} 40. Qxc6 {[%emt 0:00:07]} Ne4 {[%emt 0:00:00]} 41. Rbb1 {[%emt 0:21:05]} h3 {[%emt 0:07:05]} 42. Qe8+ {[%emt 0:02:32]} Kg7 {[%emt 1:23:54]} 43. Qe5+ {[%emt 0:00:03]} Kh7 {[%emt 0:00:00]} 44. Bxe4 {[%emt 0:00:07]} Rxg2+ {[%emt 0:00:00]} 45. Kh1 {[%emt 0:00:12]} dxe4 {[%emt 0:00:00]} 46. Qd5 {[%emt 0:03:04]} Rh2+ {[%emt 0:00:00]} 47. Kxh2 {[%emt 0:00:06]} Qg2# {[%emt 0:00:00]} 0-1

[Event "18th Charleroi Open-A 2019"]
[Site "Charleroi"]
[Date "2019.07.29"]
[Round "3.5"]
[White "Miezis, Normunds"]
[Black "De Waele, Warre"]
[Result "1/2-1/2"]
[WhiteElo "2495"]
[BlackElo "2225"]
[Annotator "ChessBase"]
[PlyCount "40"]
[EventDate "2019.07.22"]
[EventType "swiss"]
[EventCountry "BEL"]
[SourceTitle "playchess.com"]
[Source "ChessBase"]
[SourceQuality "1"]
[TimeControl "40/5400+30:1800+30"]

1. c4 {[%emt 0:00:00]} Nf6 {[%emt 0:00:00]} 2. Nc3 {[%emt 0:00:00]} e5 {[%emt 0:00:00]} 3. g3 {[%emt 0:00:04]} Bb4 {[%emt 0:00:00]} 4. Bg2 {[%emt 0:00:10]} O-O {[%emt 0:00:24]} 5. e4 {[%emt 0:00:49]} Bxc3 {[%emt 0:00:06]} 6. dxc3 {[%emt 0:00:22]} Na6 {[%emt 0:01:11]} 7. Qe2 {[%emt 0:03:05]} Nc5 {[%emt 0:00:43]} 8. b4 {[%emt 0:01:19]} Na4 {[%emt 0:00:56]} 9. Qc2 {[%emt 0:07:39]} Nb6 {[%emt 0:00:17]} 10. c5 {[%emt 0:01:00]} Nc4 {[%emt 0:00:16]} 11. a4 {[%emt 0:03:08]} d6 {[%emt 0:10:47]} 12. Qe2 {[%emt 0:03:00]} Be6 {[%emt 0:00:16]} 13. Nf3 {[%emt 0:02:32]} h6 {[%emt 0:09:08]} 14. h4 {[%emt 0:13:39]} Qd7 {[%emt 0:24:04]} 15. Ng5 {[%emt 0:02:45]} hxg5 {[%emt 0:01:31]} 16. hxg5 {[%emt 0:00:17]} Ng4 {[%emt 0:00:47]} 17. f3 {[%emt 0:07:40]} dxc5 {[%emt 0:12:36]} 18. fxg4 {[%emt 0:05:48]} Rfd8 {[%emt 0:01:09]} 19. Bf1 {[%emt 0:01:53]} Bxg4 {[%emt 0:01:31]} 20. Qh2 {[%emt 0:04:41]} Qd1+ {[%emt 0:02:24]} 1/2-1/2